| 000 | 00497nam a2200193Ia 4500 | ||
|---|---|---|---|
| 008 | 220531s9999 xx 000 0 und d | ||
| 041 | _aeng | ||
| 082 | _bNAY / SAG | ||
| 100 |
_aNayak, P. / Sagar, V. _968459 |
||
| 245 | _aCorporate Governance A Tool To Burst Financial Bubbles | ||
| 250 | _a1ST | ||
| 260 |
_aDelhi _bWisdom _c2014 |
||
| 300 | _a134 | ||
| 542 | _d30-06-2015 | ||
| 551 |
_aEconomics _bUgc-E |
||
| 650 |
_aFinance _968460 |
||
| 906 | _d2015-2016 | ||
| 999 |
_c38461 _d38461 |
||